| 000 | 00915cam a2200145ua 4500 | ||
|---|---|---|---|
| 041 |
_aeng _h |
||
| 082 |
_a691.322 _bIND/ME |
||
| 110 | 1 |
_aIndian Standards Institution . _bISI _c() |
|
| 245 | _aMethods of test for aggregates for concrete part-4 Mechanical properties IS: 2386(Part IV)-1963 | ||
| 260 |
_aNew Delhi : _bIndian Standards Institution , _c1989. |
||
| 300 | _a28 ; . | ||
| 504 | _a | ||
| 942 | _cBK | ||
| 999 |
_c10386 _d10386 |
||